| 000 | 00477nam a22001577a 4500 | ||
|---|---|---|---|
| 082 |
_a693 _bAUD _cL-14, P-5 |
||
| 100 |
_aTheo, Audel & Co. USA _945475 |
||
| 245 | _aAudles masons, and builder guide 4 | ||
| 260 |
_aNew York _bTheo, audel & co. publisher |
||
| 300 |
_aVarious pages _billus. |
||
| 526 |
_a0 _b0 _c0 _d693_000000000000000_AUD |
||
| 526 |
_a0 _b0 _c0 _d693_000000000000000_AUD |
||
| 526 |
_a0 _b0 _c0 _d693_000000000000000_AUD |
||
| 650 |
_aMCE _9379 |
||
| 942 |
_2ddc _cBK |
||
| 999 |
_c548989 _d548989 |
||